Statistics for Baseball World Cup Winners

Click here to take the quiz!

General Stats

  • This quiz has been taken 35 times
    (13 since last reset)
  • The average score is 24 of 42

Answer Stats

YearHostWinner% Correct
2016MexicoJapan
80%
2007TaiwanUnited States
80%
1994NicaraguaCuba
70%
1984CubaCuba
70%
1986NetherlandsCuba
70%
1988ItalyCuba
70%
1990CanadaCuba
70%
1998ItalyCuba
70%
2001TaiwanCuba
70%
2003CubaCuba
70%
2005NetherlandsCuba
70%
2018ColombiaMexico
70%
2009ItalyUnited States
70%
1973CubaCuba
60%
1961Costa RicaCuba
60%
1942CubaCuba
60%
1969Dominican RepublicCuba
60%
1971CubaCuba
60%
1980JapanCuba
60%
1976ColombiaCuba
60%
1978ItalyCuba
60%
1943CubaCuba
60%
1940CubaCuba
60%
1939CubaCuba
60%
1974United StatesUnited States
60%
1965ColombiaColombia
50%
1972NicaraguaCuba
50%
1970ColombiaCuba
50%
1953VenezuelaCuba
50%
1952CubaCuba
50%
1950NicaraguaCuba
50%
1982South KoreaSouth Korea
50%
1973NicaraguaUnited States
50%
1945VenezuelaVenezuela
50%
1944VenezuelaVenezuela
50%
1941CubaVenezuela
50%
1947ColombiaColombia
40%
1948NicaraguaDominican Republic
40%
1938Great BritainGreat Britain
40%
2011PanamaNetherlands
40%
2014TaiwanTaiwan
40%
1951MexicoPuerto Rico
30%

Score Distribution

Percentile by Number Answered

Percent of People with Each Score

Your Score History

You have not taken this quiz since the last reset